| 000 | 01013nam a2200229 i 4500 | ||
|---|---|---|---|
| 001 | 190134 | ||
| 003 | ES-MaACL | ||
| 005 | 20250902103719.0 | ||
| 008 | 200731s1872 sp |||| | spa d | ||
| 080 | _a326.8(729.1) | ||
| 080 | _a326.8(729.5) | ||
| 245 | 0 | 0 |
_aAl excelentísimo señor D. Manuel Ruiz Zorrilla, presidente del Consejo de Ministros, la Sociedad Abolicionista Española : _bsobre el cumplimiento de la Ley preparatoria (de julio de 1870) para la abolición de la esclavitud en las Antillas españolas. |
| 260 |
_aMadrid : _bSecretaría de la Sociedad Abolicionista Española, _c1872. |
||
| 300 |
_a42 p. ; _c21 cm. |
||
| 594 | _aEn cub.: Propaganda anti-esclavista | ||
| 594 | _aTít. de antep.: El artículo 5º de la Ley preparatoria para la abolición de la esclavitud. | ||
| 650 | 4 |
_aEsclavitud- _zCuba. _9138905 |
|
| 650 | 4 |
_aEsclavitud- _zPuerto Rico _912363 |
|
| 710 | 2 |
_aSociedad Abolicionista Española _96627 |
|
| 852 | 4 |
_aES-MaACL _jT-153-F-2 |
|
| 999 |
_c190134 _d190134 |
||